| 000 | 00662nam a2200229 u 4500 | ||
|---|---|---|---|
| 005 | 20221129063750.0 | ||
| 008 | 120627s2009 r 000 0 eng d | ||
| 020 | _a9786074561517 | ||
| 035 | _aUPN01000185548 | ||
| 049 | _aCG | ||
| 050 | 4 |
_aPQ7298.27 U3.9 _bT7.2 |
|
| 100 | 1 |
_aQuezadas, Juan Carlos, _d1970- |
|
| 245 | 1 | 0 |
_aTrapos / _cJuan Carlos Quezadas ; il. Angel Hernández. |
| 260 |
_aMéxico : _bProgreso, _c2009. |
||
| 300 |
_a142 p. : _bil. |
||
| 440 | 0 | _aIdentidad | |
| 650 | 4 |
_aNovela mexicana _ySiglo XXI _916447 |
|
| 650 | 4 |
_aFUTBOL (SOCCER) - _vLITERATURA JUVENIL _917144 |
|
| 650 | 2 |
_aPrisiones _920912 |
|
| 905 | _aLibro | ||
| 999 |
_c157651 _d157651 |
||